000 00898nam a22002177a 4500
005 20240530110543.0
008 160518s2014 su f b 000 0 ara d
017 _a1434/8243
_bالسعودية . مكتبة الملك فهد الوطنية
020 _a9786038139097
040 _aEG-CaGPL
082 0 4 _221
_a362.7\
_bم خ
100 0 _aماهر ابو المعاطى على
245 1 2 _aالخدمة الاجتماعية فى مجال رعاية الشباب :
_bمعالجة علمية من منظور الممارسة العامة /
_cماهر ابو المعاطى على
250 _aط. 1
260 _aالرياض :
_bدار الزهراء ،
_c2014 .
300 _a328 ص. ؛
_c24 سم .
504 _aيشتمل على ارجاعات ببليوجرافية
650 0 4 _aالشباب
_xرعاية و علاج
650 0 4 _aالخدمة الاجتماعية
942 _2ddc
_cBK
999 _c62298
_d62298